| 000 | 00724nam a2200265Ia 4500 | ||
|---|---|---|---|
| 008 | 160216s9999 xx 000 0 und d | ||
| 020 | _a971-08-6261-8 | ||
| 050 | _aFIL HF 5548.4 | ||
| 050 | _b.M523H37 2002 c.2 | ||
| 100 | _aHarina, Ricardo M. | ||
| 245 | _aFinancial Programming : | ||
| 245 | _bfor business and cooperatives / | ||
| 245 | _cRicardo M. Harina. | ||
| 260 | _aMandaluyong: | ||
| 260 | _bNational Book Store, | ||
| 260 | _c2002 | ||
| 300 | _a491 pages : | ||
| 300 | _bill. ; | ||
| 300 | _c25 cm. | ||
| 650 | _aAccounting -- | ||
| 650 | _aCooperative societies -- | ||
| 650 | _aMicrosoft excel (Computer file). | ||
| 650 | _xAccounting -- Computer programs | ||
| 650 | _xData processing. | ||
| 999 |
_c290967 _d290967 |
||